Municipalities of Kyoto - Click Map - Statistics

General Stats
  • This quiz has been taken 16 times
  • The average score is 11 of 26
Answers on the Map
Answers color-coded by a green-red scale on the quiz's map according to % correct below.
 
Answer Stats
Answer % Correct
Ayabe 綾部市 あやべし
63%
Kyotanba 京丹波町 きょうたんばちょう
63%
Kyoto 京都市 きょうとし
63%
Muko 向日市 むこうし
63%
Nagaokakyo 長岡京市 ながおかきょうし
63%
Fukuchiyama 福知山市 ふくちやまし
50%
Kameoka 亀岡市 かめおかし
50%
Maizuru 舞鶴市 まいづるし
50%
Miyazu 宮津市 みやづし
50%
Uji 宇治市 うじし
50%
Yawata 八幡市 やわたし
50%
Yosano 与謝野町 よさのちょう
50%
Ine 伊根町 いねちょう
38%
Kizugawa 木津川市 きづがわし
38%
Kyotango 京丹後市 きょうたんごし
38%
Minamiyamashiro 南山城村 みなみやましろむら
38%
Nantan 南丹市 なんたんし
38%
Oyamazaki 大山崎町 おおやまざきちょう
38%
Ujitawara 宇治田原町 うじたわらちょう
38%
Ide 井手町 いでちょう
25%
Joyo 城陽市 じょうようし
25%
Kasagi 笠置町 かさぎちょう
25%
Kyotanabe 京田辺市 きょうたなべし
25%
Wazuka 和束町 わづかちょう
25%
Kumiyama 久御山町 くみやまちょう
13%
Seika 精華町 せいかちょう
13%
No matching quizzes found
Score Distribution
Percent of People with Each Score
Percentile by Number Answered
Your Score History
You have not taken this quiz